000 00942nam a2200265 a 4500
008 951205s1981||||[C 0 slo c
020 _c21 Kčs.
_q(7000 výtl.)
040 _aSNK
_bslo
_cSNK
_eAACR2
041 1 _aslo
_hbul
044 _axo
_cSK
080 _a886.7-3
100 1 _aMutafčieva, Vera Petrovna
_4aut
245 1 0 _aSedma vo dvojici
_cVera Petrovna Mutafčieva ; Viera Petrovna Mutafčieva, Jaroslav Marušiak, Miroslav Radev, Milan Veselý, Jaroslav Marušiak
250 _a1., vyd.
260 _aBratislava
_bSmena
_c1981
_eTrnava
_fPolygrafické závody
300 _a152 s., 9,86 AH
_c21 cm
490 0 _aEva
_vZv. 73.
500 _aRozlož. ilustr. tit. list. Biogr. údaje o aut. Ilustr. na predsádkach.
700 1 _aMutafčieva, Viera Petrovna
_4aut
700 1 _aMarušiak, Jaroslav
_4trl
700 1 _aRadev, Miroslav
_4bkd
700 1 _aVeselý, Milan
_4bkd
700 1 _aMarušiak, Jaroslav
_4oth
958 _aA
999 _c12339
_d12339